Statistics for Yakko’s World but Countries Only - Map Quiz

Click here to take the quiz!

General Stats

  • This quiz has been taken 11 times
  • The average score is 56 of 125

Answers on the Map

Answers color-coded by a green-red scale on the quiz's map according to % correct below.
 

Answer Stats

Answer% Correct
Canada
100%
Mexico
100%
United States
100%
Cuba
83%
Haiti
83%
Panama
83%
Colombia
67%
Jamaica
67%
Peru
67%
Venezuela
67%
Afghanistan
50%
Algeria
50%
Argentina
50%
Australia
50%
Benin
50%
Brazil
50%
Chad
50%
Chile
50%
China
50%
Costa Rica
50%
Cyprus
50%
Denmark
50%
Jordan
50%
Russia
50%
Ecuador
50%
Egypt
50%
El Salvador
50%
Ethiopia
50%
Finland
50%
France
50%
Germany
50%
Greece
50%
Iceland
50%
India
50%
Indonesia
50%
Iran
50%
Iraq
50%
Ireland
50%
Italy
50%
Japan
50%
Lesotho
50%
Libya
50%
Madagascar
50%
Malta
50%
Mongolia
50%
Morocco
50%
Mozambique
50%
Nepal
50%
New Zealand
50%
Norway
50%
Pakistan
50%
Poland
50%
Portugal
50%
Saudi Arabia
50%
Senegal
50%
Somalia
50%
Spain
50%
Sri Lanka
50%
Sudan
50%
Sweden
50%
Syria
50%
Taiwan
50%
Tunisia
50%
Turkey
50%
Uruguay
50%
Albania
33%
Angola
33%
Austria
33%
Bahamas
33%
Bahrain
33%
Barbados
33%
Belgium
33%
Belize
33%
Bhutan
33%
Bolivia
33%
Botswana
33%
Bulgaria
33%
Burundi
33%
Cameroon
33%
Bangladesh
33%
Djibouti
33%
Fiji
33%
Gabon
33%
Gambia
33%
Ghana
33%
Guatemala
33%
Guinea
33%
Guinea-Bissau
33%
Guyana
33%
Honduras
33%
Hungary
33%
Israel
33%
Kenya
33%
Kuwait
33%
Laos
33%
Lebanon
33%
Liberia
33%
Liechtenstein
33%
Luxembourg
33%
Malawi
33%
Malaysia
33%
Mali
33%
Mauritania
33%
Monaco
33%
Namibia
33%
Netherlands
33%
Nicaragua
33%
Niger
33%
Nigeria
33%
Oman
33%
Paraguay
33%
Qatar
33%
Romania
33%
Rwanda
33%
Sierra Leone
33%
Suriname
33%
Swaziland
33%
Switzerland
33%
Tanzania
33%
Thailand
33%
Uganda
33%
Vietnam
33%
Yemen
33%
Zambia
33%
Zimbabwe
33%

Score Distribution

Percentile by Number Answered

Percent of People with Each Score

Your Score History

You have not taken this quiz